00429nam a2200169Ia 450000500170000000800410001702000230005804000190008104100120010008200110011210000280012324500390015126000240019030000120021465000230022685000100024920230926092640.0131103s9999 xx 000 0 und d a99175428cGBP:5.99 aLoreto College aEnglish aFbPAT aPatterson,Richard North aDark LadycRichard North Patterson aLondonbArrowc2000 a458 p.  aFiction in English aLCLIB